| 000 | 00714cab a2200241 4500 | ||
|---|---|---|---|
| 001 | ABS59610 | ||
| 008 | 090401t1998 xxu||||| |||| 00| 0 eng d | ||
| 035 | _a(Sirsi) u89880 | ||
| 041 | _aeng | ||
| 100 | _aBrown, B. | ||
| 245 | _aMachine for dancing in | ||
| 260 | _c1998 | ||
| 350 | _a0 | ||
| 490 |
_aArchitects` Journal _v208(19) 19 November 1998, 39-46(7) |
||
| 520 | _aReviews the design of the Sadler`s Wells theatre. Includes comments by the structural engineer and the service engineer, and a cost analysis. | ||
| 650 | _aBUILT ENVIRONMENT | ||
| 650 | _aCOSTS | ||
| 650 | _aDESIGN | ||
| 650 | _aTHEATRES | ||
| 690 | _aBUILDING AND CONSTRUCTION-PROJECTS | ||
| 942 | _n0 | ||
| 948 | _c23/11/1998 | ||
| 999 |
_c56903 _d56903 |
||